00481nam a2200145Ia 4500008004100000082001600041082000800057245011000065245001600175260001600191300000900207942000800216999001900224952009200243231017s9999 xx 000 0 und d a363.1256KLO bKLO 4aThe Crash and Offence Experience of Drivers Eligible for the South Australian Driver Intervention Program 0cCN. Kloeden bCN. Kloeden c30cm cREP c603697d603697 00104070aNITbNITd2023-10-17l0o363.1256KLOpNIT-3309r2023-10-17w2023-10-17yREP